01326nam a2200325 i 4500001001000000003000900010005001700019007000300036008004100039040003000080082002300110100003900133245006200172264007200234300002800306336002700334337003300361338002800394490001100422500007400433504003300507590002700540650003500567651005700602710006100659910003700720942001400757952021200771999001700983000032969DO-SdBNP20251120073733.0ta110804s1984 dr 000 0 spa d aDO-SdBNPbspacBNPHUerda 4a342.7293bJ82d2221 aJorge García, Juan958708eautor10aDerecho constitucional dominicano /cJuan Jorge García. 1aSantiago de los Caballeros, República Dominicana :bPUCMM,c1984. a612 páginas ;c24 cm. 2rdacontentatextobtxt 2rdamediaasin mediaciónbn 2rdacarrieravolumenbnc aTextos aIncluye referencias bibliográficas y notas al pie de las páginas. aBibliografía : p. 563-565. aInventariado, 2018/MFF 0aDerecho constitucional 910314 4aRepública DominicanaxDerecho Constitucional993032 aPontificia Universidad Católica Madre y Maestra 9843 aValidado. Control de calidad EMS 2ddccLBS1 00102ddc51708PDaBNPHUbBNPHUcHDd2011-08-04eDonaciónl0oBNPHU PD 342.7293 J82dp32969-10r2020-06-25w2020-06-25yLBS1zPerteneció a la biblioteca personal de Germán Emilio Ornes.ZNo se presta c32460d32460